| 000 | 00748nam a22002057a 4500 | ||
|---|---|---|---|
| 999 |
_c14183 _d14183 |
||
| 003 | AR-CdUCM | ||
| 008 | 190422b ||||| |||| 00| 0 eng d | ||
| 040 |
_aMUNICIPALIDAD PROVINCIAL DEL CUSCO _cBIBLIOTECA MUNICIPAL DEL CUSCO |
||
| 082 |
_a958 / _bZ85 |
||
| 100 |
_aZong Il, Kim _932857 |
||
| 245 | _aProduzcamos un cambio revolucionario en el trabajo partidista conforme a la exigencia de la situación actual / | ||
| 260 |
_aCorea : _bLenguas extranjeras Pyongyang, _c1989. |
||
| 300 |
_a54 paginas ; _c18 cm. |
||
| 505 | _aContenido : Aspectos gubernamentales./ Cambio revolucionario. | ||
| 650 |
_aEstado _9738 |
||
| 650 |
_aAspectos gubernamentales _932839 |
||
| 650 |
_aCorea _91036 |
||
| 942 |
_2ddc _cFOLLETOS |
||
| 945 |
_awnts _d2019-04-22 |
||